000
00222 a2200097 4500
020
_a
9798396772335
041
_a
spa
100
_a
Matha Niò¨ Rodrigues
245
_a
El otro lado de la nada al sililicon valley
942
_c
BK
999
_c
30713
_d
30711